Biggest Countries in Europe by Area - Whammies - Statistics

General Stats
  • This quiz has been taken 29 times
  • The average score is 13 of 15
Answer Stats
Answer % Correct
Germany
100%
Russia
100%
France
96%
Spain
96%
United Kingdom
96%
Finland
92%
Italy
92%
Poland
92%
Sweden
92%
Ukraine
92%
Norway
88%
Romania
88%
Belarus
77%
Greece
77%
Bulgaria
65%
No matching quizzes found
Score Distribution
Percent of People with Each Score
Percentile by Number Answered
Your Score History
You have not taken this quiz